| 000 | 00779nam a22002177a 4500 | ||
|---|---|---|---|
| 999 |
_c179151 _d179151 |
||
| 005 | 20210524162911.0 | ||
| 010 | _aB-739935 | ||
| 020 | _a9788125053453 | ||
| 035 | _aB-739935 | ||
| 037 | _bGift | ||
| 082 | _a954.8 | ||
| 100 | _aJorgensen, Helle | ||
| 245 | 0 | 0 |
_aTranquebar-whose history?: _btransnational cultural heritage in a former Danish trading colony in South India / _cby Helle Jorgensen |
| 260 |
_aNew Delhi _bOrient Blackswan _c2014 |
||
| 270 |
_a1/24 Asaf Ali Road _bNew Delhi _e110002 |
||
| 300 |
_aviii,356p. _c22cm(Hb) |
||
| 490 | _aNew perspectives in south asian history | ||
| 500 | _aIncludes bibliographical references and index | ||
| 942 |
_2ddc _cEN _mJOR _h954.8 |
||